[Event "4NCL Division 2d"]
[Site "Birmingham, ENG"]
[Date "2016.03.20"]
[Round "8.29"]
[White "Anderton, David W"]
[Black "Reuben, Stewart"]
[Result "1/2-1/2"]
[WhiteElo "2132"]
[BlackElo "2037"]
[PlyCount "127"]
[EventDate "2016.03.20"]
[WhiteTeam "The AD's"]
[BlackTeam "MK Phoenix 1"]

1. d4 Nf6 2. c4 g6 3. g3 c6 4. Bg2 d5 5. cxd5 cxd5 6. Nf3 Nc6 7. O-O Bg7 8. Ne5
Qb6 9. e3 O-O 10. Nc3 Rd8 11. f4 Bf5 12. g4 Be4 13. g5 Bxg2 14. Kxg2 Ne4 15.
Nxe4 dxe4 16. Ng4 e5 17. fxe5 Nxe5 18. Nxe5 Bxe5 19. Qg4 Bc7 20. Qxe4 Qd6 21.
Qh4 Re8 22. Rf3 Qd5 23. Qf2 Qxg5+ 24. Kh1 Qd5 25. Bd2 Re6 26. Kg1 f5 27. b3
Rae8 28. Rc1 Bd6 29. h3 Re4 30. Qf1 f4 31. exf4 Qxd4+ 32. Qf2 Qxf2+ 33. Rxf2
Rf8 34. Kg2 Bxf4 35. Bxf4 Rexf4 36. Rxf4 Rxf4 37. Kg3 Rf7 38. Rc4 Kf8 39. h4
Ke7 40. Ra4 a6 41. Rb4 Kd6 42. a4 b5 43. axb5 Kc5 44. Re4 Kxb5 45. Kg4 Rf5 46.
Re7 h5+ 47. Kg3 g5 48. hxg5 Rxg5+ 49. Kh4 Rd5 50. Rb7+ Kc6 51. Rb4 a5 52. Rb8
Rb5 53. Rc8+ Kb6 54. Rc3 Rd5 55. Rc8 Rb5 56. Rc3 Rc5 57. Rf3 Kb5 58. Rf8 Kb4
59. Rf3 Ka3 60. Re3 Rb5 61. Rf3 Rxb3 62. Rf5 a4 63. Rxh5 Rf3 64. Rb5 1/2-1/2

[Event "4NCL Division 2d"]
[Site "Birmingham, ENG"]
[Date "2016.03.20"]
[Round "8.30"]
[White "Freeman, Richard C P"]
[Black "Bellin, Jana M"]
[Result "1-0"]
[WhiteElo "2019"]
[BlackElo "2102"]
[PlyCount "91"]
[EventDate "2016.03.20"]
[WhiteTeam "MK Phoenix 1"]
[BlackTeam "The AD's"]

1. f4 d5 2. Nf3 Nf6 3. e3 Bg4 4. Be2 e6 5. O-O Nbd7 6. b3 Be7 7. Bb2 O-O 8. Na3
c6 9. c4 Ne4 10. d3 Bf6 11. Ne5 Bxe2 12. Qxe2 Nec5 13. Nxd7 Nxd7 14. Bxf6 Nxf6
15. Nc2 Qb6 16. Kh1 Rfd8 17. e4 dxe4 18. dxe4 a5 19. e5 Nd7 20. f5 Nf8 21. f6
Ng6 22. fxg7 Qc5 23. Rae1 Rd7 24. Qh5 Rad8 25. Ne3 Qxe5 26. Nf5 Qc7 27. Nh6+
Kxg7 28. Ng4 Rd4 29. g3 Rd2 30. Qh6+ Kh8 31. Nf6 Nf8 32. Ne8 Rxh2+ 33. Kxh2
Rxe8 34. Rf6 Ng6 35. Ref1 Ne5 36. R1f4 Rg8 37. Qh5 Qd6 38. Re4 Qd2+ 39. Re2
Qxe2+ 40. Qxe2 Ng4+ 41. Kg2 Nxf6 42. Qe5 Kg7 43. Qg5+ Kf8 44. Qxf6 Rg6 45. Qd8+
Kg7 46. Qxa5 1-0

[Event "4NCL Division 2d"]
[Site "Birmingham, ENG"]
[Date "2016.03.20"]
[Round "8.31"]
[White "Stockwell, Mark B"]
[Black "Smith, Graham"]
[Result "1-0"]
[WhiteElo "2009"]
[BlackElo "2022"]
[PlyCount "67"]
[EventDate "2016.03.20"]
[WhiteTeam "The AD's"]
[BlackTeam "MK Phoenix 1"]

1. e4 d5 2. exd5 Nf6 3. Nf3 Qxd5 4. d4 Bg4 5. Be2 Nc6 6. h3 Bxf3 7. Bxf3 Qd7 8.
c3 e5 9. O-O exd4 10. cxd4 Be7 11. Re1 O-O 12. d5 Nb4 13. Nc3 Rfe8 14. a3 Na6
15. b4 Bd6 16. Be3 Re7 17. Qc2 Rae8 18. Red1 Rxe3 19. fxe3 Rxe3 20. Re1 Qe7 21.
Qf2 Bf4 22. Be4 Rxe1+ 23. Rxe1 Qd6 24. Qxa7 Bd2 25. Qa8+ Qf8 26. Bxh7+ Nxh7 27.
Re8 Bxc3 28. Rxf8+ Nxf8 29. Qxb7 Nxb4 30. axb4 Be5 31. b5 g6 32. Kf1 Kg7 33.
Qc6 g5 34. g3 1-0

[Event "4NCL Division 2d"]
[Site "Birmingham, ENG"]
[Date "2016.03.20"]
[Round "8.32"]
[White "Elwin, Adrian G"]
[Black "Anderton, Doreen"]
[Result "1-0"]
[WhiteElo "1989"]
[BlackElo "1592"]
[PlyCount "89"]
[EventDate "2016.03.20"]
[WhiteTeam "MK Phoenix 1"]
[BlackTeam "The AD's"]

1. d4 d5 2. c4 c6 3. cxd5 cxd5 4. Bf4 e6 5. Nc3 Nf6 6. e3 a6 7. Bd3 Nc6 8. Rc1
Bd6 9. Bxd6 Qxd6 10. f4 O-O 11. Nf3 Ne7 12. Ne5 b5 13. O-O Bb7 14. Qf3 Rac8 15.
a3 Rc7 16. g4 Rfc8 17. Rcd1 Ne4 18. Nxe4 dxe4 19. Bxe4 Bxe4 20. Qxe4 Qd5 21.
Qxd5 Nxd5 22. Rde1 Rc2 23. Rf2 Rxf2 24. Kxf2 Rc2+ 25. Re2 Rxe2+ 26. Kxe2 Kf8
27. Nd3 Ke7 28. e4 Nc7 29. h4 f6 30. Ke3 g6 31. Nb4 f5 32. gxf5 gxf5 33. Nc6+
Kd6 34. Ne5 fxe4 35. Kxe4 Ke7 36. f5 exf5+ 37. Kxf5 Nd5 38. h5 Ne3+ 39. Ke4 Nd1
40. Nd3 Ke6 41. d5+ Kd6 42. Kd4 a5 43. b3 h6 44. Ne5 Nc3 45. Nf7+ 1-0